000 00679nam a2200193Ia 4500
008 140609s9999 xx 000 0 und d
050 _aRB 45
_b.N964 [2010]
100 _aNuevo, Jose Jurel M.
245 _aLaboratory manual in clinical hematology 1 /
_cJose Jurel M. Nuevo, Joseph Joy G. Banzon
260 _a[Philippines] :
_b[Medical Laboratory Science],
_c[c2010?].
300 _a61 leaves ;
_c28 cm.
500 _aIncludes bibliographical references.
521 _aNUR
650 _aBlood cells
_xPhysiology.
650 _aHematologic diseases
_xDiagnosis -- Problems, exercises, etc.
650 _aHematologic tests
_xMethods.
942 _kLOC
_cBK
999 _c118001
_d118001